Je me lance comme independant ! /

Bibliographic Details
Main Authors: Detalle, Florence, (Author), Grasso, Jessica, (Author)
Format: eBook
Language:French
Published: Liege : EdiPro, [2014]
Series:Guide pratique.
Subjects:
Online Access:Click to View
LEADER 01547nam a2200409 i 4500
001 EBC2085991
003 MiAaPQ
005 20200124070931.0
006 m o d |
007 cr cnu||||||||
008 200124s2014 be o 000 0 fre d
020 |z 9782874961663 
020 |a 9782511014059  |q (electronic bk.) 
035 |a (MiAaPQ)EBC2085991 
035 |a (Au-PeEL)EBL2085991 
035 |a (OCoLC)914152727 
040 |a MiAaPQ  |b eng  |e rda  |e pn  |c MiAaPQ  |d MiAaPQ 
050 4 |a HD8036  |b .D483 2014 
082 0 |a 658.041  |2 23 
100 1 |a Detalle, Florence,  |e author. 
245 1 0 |a Je me lance comme independant ! /  |c Florence Detalle, Jessica Grasso. 
264 1 |a Liege :  |b EdiPro,  |c [2014] 
264 4 |c 2014 
300 |a 1 online resource (208 pages). 
336 |a text  |b txt  |2 rdacontent 
337 |a computer  |b c  |2 rdamedia 
338 |a online resource  |b cr  |2 rdacarrier 
490 1 |a Guide Pratique 
588 |a Description based on print version record. 
590 |a Electronic reproduction. Ann Arbor, MI : ProQuest, 2018. Available via World Wide Web. Access may be limited to ProQuest affiliated libraries. 
650 0 |a Self-employed. 
655 4 |a Electronic books. 
700 1 |a Grasso, Jessica,  |e author. 
776 0 8 |i Print version:  |a Detalle, Florence.  |t Je me lance comme independant !  |d Liege : EdiPro, c2014   |h 208 pages   |k Guide Pratique   |z 9782874961663 
797 2 |a ProQuest (Firm) 
830 0 |a Guide pratique. 
856 4 0 |u https://ebookcentral.proquest.com/lib/matrademy/detail.action?docID=2085991  |z Click to View